01014cam a2200289 a 450000100100000000500170001000800410002702000150006803500190008303500180010204000310012008200230015110000420017424500550021626000400027130000210031150400330033265000210036565100220038665000370040865100550044565100430050091000280054304900090057195201270058099900170070700001087720251027115234.0740724s1978 mx b 000 0 spa  a9682302552 a(DLC) 74217702 a(OCoLC)961195 aDO-SdBNPbspacNBuUdBNPHU a552.987bQ7a, 19781 aQuintero, Rodolfo,d1909-1985.92622910aAntropología del petróleo /cQuintero Rodolfo. aMéxico :bSiglo Veintiuno,c1978. a252 p. ;c18 cm. aBibliografías: p. 249-252. 4aPetróleo96928 0aVenezuela 926230 4aTrabajadores petróleros926231 4aIndustria Del PetróleoxNacionalización926232 4aVenezuelaxCondiciones Sociales926233 aCatalogación derivada aBNGR 001052708MOaGRbGRcCTd2009-10-12iLF1l0o552.987 Q7a, 1978p10877-10r2020-06-25w2020-06-25y2ZPréstamo interno c10625d10625